00945nam a2200241 a 450000100100000000500170001000800410002702000150006804000250008308200210010810000370012924500600016625000110022626000600023730000260029749000530032350000590037650000550043583000620049004900090055295201250056199900170068600002543820200930023804.0110216s1979 mx r 000 0 spa d a9681601777 aDO-SdBNPbspacBNPHU aNNNbM689h, 19791 aModern, Rodolfo E.d1922-95204110aHistoria de la literatura alemana /cRodolfo E. Modern. a2a ed. aMéxico, D. F. :bFondo de Cultura Económica,c1979. a370, [2] p. ;c17 cm.1 aBreviarios del fondo de cultura económicav159 aPrimera reimpresión de la segunda edición del 1972 aIncluye datos del autor en la solapa y la cubierta 0aBreviarios del fondo de cultura económica ;v159925786 aBNGR 001054708MOaGRbGRcCTd2011-02-16iLF1l0oNNN M689h, 1979p25438-10r2020-06-25w2020-06-25y4ZPréstamo en sala c24930d24930